[Event "chess.com Speed 2020"]
[Site "chess.com INT"]
[Date "2020.12.03"]
[Round "2.14"]
[White "Artemiev, Vladislav"]
[Black "Carlsen, Magnus"]
[Result "1-0"]
[WhiteTitle "GM"]
[BlackTitle "GM"]
[WhiteElo "2708"]
[BlackElo "2862"]
[WhiteFideId "24101605"]
[BlackFideId "1503014"]
[EventDate "2020.11.01"]

1. Nf3 c5 2. c4 Nf6 3. g3 b6 4. Bg2 Bb7 5. O-O e6 6. Nc3 Be7 7. Re1 d6 8. e4 a6
9. d4 cxd4 10. Nxd4 Qc7 11. Be3 Nbd7 12. Rc1 O-O 13. f4 Rac8 14. g4 Nc5 15. Bf2
h6 16. b4 Ncd7 17. g5 hxg5 18. fxg5 Ne8 19. g6 Ne5 20. gxf7+ Rxf7 21. Bh3 Rf6
22. Nxe6 Qxc4 23. Nd5 Rg6+ 24. Bg3 Qxc1 25. Nxe7+ Kf7 26. Nxg6 Qxd1 27. Nxe5+
dxe5 28. Rxd1 1-0

[Event "chess.com Speed 2020"]
[Site "chess.com INT"]
[Date "2020.12.03"]
[Round "2.15"]
[White "Carlsen, Magnus"]
[Black "Artemiev, Vladislav"]
[Result "1-0"]
[WhiteTitle "GM"]
[BlackTitle "GM"]
[WhiteElo "2862"]
[BlackElo "2708"]
[WhiteFideId "1503014"]
[BlackFideId "24101605"]
[EventDate "2020.11.01"]

1. d4 d5 2. c4 c6 3. Nf3 Nf6 4. e3 Bf5 5. Nc3 e6 6. Nh4 Bg6 7. Nxg6 hxg6 8. Bd2
Nbd7 9. Qc2 Bd6 10. O-O-O Qe7 11. Kb1 dxc4 12. Bxc4 O-O-O 13. f4 Kb8 14. e4 Nb6
15. Be2 Bb4 16. a3 Ba5 17. Be1 Rd7 18. e5 Nh5 19. Rf1 Bxc3 20. Bxc3 g5 21. Bb4
Qd8 22. g3 g6 23. fxg5 Qxg5 24. Bd6+ Ka8 25. Rd3 Ng7 26. h4 Qd8 27. g4 Ne8 28.
Bc5 Rxh4 29. Rdf3 Rh7 30. Qc1 Nd5 31. Rh1 Rxh1 32. Qxh1 b6 33. Bf8 Nef6 34. Bd6
Ne4 35. Ka2 Nxd6 36. exd6 Qb8 37. Qh7 Qxd6 38. Rxf7 Rxf7 39. Qxf7 Ne7 40. Bc4
Qxd4 41. Qe8+ Kb7 42. Qxe7+ Kb8 43. Qe8+ Kc7 44. Qxe6 b5 45. Bb3 Qd3 46. g5 a5
47. Qe7+ Kb6 48. Qe5 c5 49. Qf6+ Kc7 50. Bf7 c4 51. Bxg6 Qb3+ 52. Ka1 b4 53.
Qe5+ Kb6 54. Qd6+ Kb7 55. Be4+ Kc8 56. Qc5+ Kd7 57. Bc6+ Ke6 58. Bd5+ Kd7 59.
Qxc4 Qd1+ 60. Ka2 1-0

[Event "chess.com Speed 2020"]
[Site "chess.com INT"]
[Date "2020.12.03"]
[Round "2.16"]
[White "Artemiev, Vladislav"]
[Black "Carlsen, Magnus"]
[Result "1/2-1/2"]
[WhiteTitle "GM"]
[BlackTitle "GM"]
[WhiteElo "2708"]
[BlackElo "2862"]
[WhiteFideId "24101605"]
[BlackFideId "1503014"]
[EventDate "2020.11.01"]

1. b3 Nf6 2. Bb2 g6 3. g3 Bg7 4. Bg2 O-O 5. Nf3 d5 6. c4 dxc4 7. bxc4 c5 8. O-O
Nc6 9. d3 Ne8 10. Qd2 Bd7 11. Nc3 b6 12. Nd5 Rc8 13. h4 Bxb2 14. Qxb2 Bg4 15.
Ne5 Nxe5 16. Qxe5 Be6 17. Nf4 Bf5 18. a4 Qd6 19. Qxd6 Nxd6 20. a5 b5 21. cxb5
Nxb5 22. Nd5 Rfe8 23. Rfc1 Nd4 24. Ra2 Kf8 25. e3 Nb5 26. Rb2 Nd6 27. Rc3 c4 28.
dxc4 Nxc4 29. Rb7 Nxa5 30. Rxa7 Rxc3 31. Nxc3 Nc4 32. Nd5 Nd6 33. Nb4 Rb8 34.
Ra8 Rxa8 35. Bxa8 Be4 36. Bxe4 Nxe4 37. Kg2 f5 38. Nd3 Kf7 39. f3 Nd6 40. f4 Kf6
41. Kf3 h6 42. Nc5 g5 43. hxg5+ hxg5 44. fxg5+ Kxg5 45. e4 fxe4+ 46. Nxe4+ Nxe4
47. Kxe4 Kg4 48. Ke5 Kxg3 49. Ke6 Kf4 50. Kxe7 1/2-1/2

[Event "chess.com Speed 2020"]
[Site "chess.com INT"]
[Date "2020.12.03"]
[Round "2.17"]
[White "Carlsen, Magnus"]
[Black "Artemiev, Vladislav"]
[Result "1-0"]
[WhiteTitle "GM"]
[BlackTitle "GM"]
[WhiteElo "2862"]
[BlackElo "2708"]
[WhiteFideId "1503014"]
[BlackFideId "24101605"]
[EventDate "2020.11.01"]

1. d4 d5 2. c4 c6 3. Nf3 Nf6 4. e3 g6 5. Nc3 Bg7 6. Be2 O-O 7. O-O Bg4 8. cxd5
cxd5 9. Qb3 b6 10. Bd2 Ne4 11. Be1 Nc6 12. h3 Bf5 13. Bb5 Rc8 14. Qxd5 Nd6 15.
Be2 Na5 16. Ne5 Rxc3 17. Bxc3 Be4 18. Nxf7 Qc7 19. Nh6+ Kh8 20. Qg5 Qb7 21. f3
Bd5 22. e4 Bc4 23. Bxc4 Naxc4 24. d5 Bxc3 25. bxc3 Qc7 26. Rad1 Nb2 27. Qe5+ Rf6
28. Ng4 Qc5+ 29. Kh1 Nxd1 30. Rxd1 Nf7 31. Qb8+ 1-0

[Event "chess.com Speed 2020"]
[Site "chess.com INT"]
[Date "2020.12.03"]
[Round "2.18"]
[White "Artemiev, Vladislav"]
[Black "Carlsen, Magnus"]
[Result "0-1"]
[WhiteTitle "GM"]
[BlackTitle "GM"]
[WhiteElo "2708"]
[BlackElo "2862"]
[WhiteFideId "24101605"]
[BlackFideId "1503014"]
[EventDate "2020.11.01"]

1. d4 Nf6 2. Bg5 e6 3. Nd2 h6 4. Bh4 c5 5. e3 Be7 6. Ngf3 cxd4 7. exd4 b6 8. Bd3
Bb7 9. O-O d6 10. Re1 Nbd7 11. a4 a6 12. c4 d5 13. b3 Bb4 14. Ne5 dxc4 15. Ndxc4
b5 16. axb5 axb5 17. Rxa8 Qxa8 18. Nd2 O-O 19. Nxd7 Nxd7 20. Bxb5 Nb6 21. Bf1
Nd5 22. Bc4 Nf4 23. Qg4 Bxd2 24. Bf6 Ng6 25. Rxe6 Qa1+ 26. Bf1 fxe6 0-1

[Event "chess.com Speed 2020"]
[Site "chess.com INT"]
[Date "2020.12.03"]
[Round "2.21"]
[White "Carlsen, Magnus"]
[Black "Artemiev, Vladislav"]
[Result "1/2-1/2"]
[WhiteTitle "GM"]
[BlackTitle "GM"]
[WhiteElo "2862"]
[BlackElo "2708"]
[WhiteFideId "1503014"]
[BlackFideId "24101605"]
[EventDate "2020.11.01"]

1. d4 d5 2. c4 c6 3. Nf3 Nf6 4. e3 g6 5. Nc3 Bg7 6. Be2 O-O 7. O-O e6 8. Qc2
Nbd7 9. Rd1 Re8 10. b3 b6 11. cxd5 exd5 12. Ba3 Bb7 13. Rac1 Rc8 14. Bf1 c5 15.
Qb1 Ne4 16. Bb2 Qe7 17. dxc5 Nxf2 18. Re1 Nxc5 19. Kxf2 Bxc3 20. Bxc3 Ne4+ 21.
Kg1 Rxc3 22. Rxc3 Nxc3 23. Qb2 Ne4 24. b4 Nd6 25. Bd3 Nc4 26. Qc3 Rc8 27. a3 Nd6
28. Qd4 Ne4 29. Qa1 Ng5 30. Nxg5 Qxg5 31. Qd4 f6 32. Re2 Qe5 33. Rc2 Rxc2 34.
Bxc2 Qxd4 35. exd4 Kf7 36. h4 h6 37. Kf2 g5 38. hxg5 fxg5 39. g4 Kf6 40. Kg3 Bc8
41. Bd1 Be6 42. Bf3 Ke7 43. Be2 Kd6 44. Bd3 Bd7 45. Be2 Ba4 46. Bd3 Kc6 47. Bg6
Kd6 48. Bd3 Bb3 49. Bb5 Ba2 50. Be8 Bc4 51. Ba4 Be2 52. Be8 Kc7 53. Ba4 h5 54.
gxh5 Bxh5 55. Bb3 Kc6 56. Ba4+ Kd6 57. Bb3 Be2 58. Bc2 a5 59. bxa5 bxa5 60. Kf2
Bg4 61. Kg3 Be6 62. Bd1 Ke7 63. Bc2 Kf6 64. Bb3 Bf7 65. Ba2 Kf5 66. Bb1+ Ke6 67.
Ba2 Kf6 68. Bb3 Be6 69. Ba2 Ke7 70. Bb3 Kd6 71. Ba4 Kc7 72. Bb5 Kb6 73. Be8 Kc7
74. Ba4 Kd6 75. Bc2 Ke7 76. Bd3 Kf6 77. Bc2 Bf5 78. Bb3 Be4 79. Kg4 Kg6 80. Ba4
Bf5+ 81. Kg3 Bb1 82. Kg4 Bd3 83. Be8+ Kf6 84. Bc6 Be2+ 85. Kg3 Bc4 86. Kg4 Bb3
87. Bd7 Bd1+ 88. Kg3 g4 89. Bxg4 Bb3 90. Kf4 Bc4 91. Bf3 Bb3 92. Bg4 Bc4 93. Bf3
Bb3 94. Bg4 1/2-1/2

[Event "chess.com Speed 2020"]
[Site "chess.com INT"]
[Date "2020.12.03"]
[Round "2.22"]
[White "Artemiev, Vladislav"]
[Black "Carlsen, Magnus"]
[Result "1/2-1/2"]
[WhiteTitle "GM"]
[BlackTitle "GM"]
[WhiteElo "2708"]
[BlackElo "2862"]
[WhiteFideId "24101605"]
[BlackFideId "1503014"]
[EventDate "2020.11.01"]

1. b3 c5 2. Bb2 Nc6 3. e3 d6 4. Nf3 Nf6 5. c4 e5 6. d3 g6 7. Be2 Bg7 8. O-O O-O
9. Nc3 d5 10. cxd5 Nxd5 11. Rc1 Nxc3 12. Bxc3 b6 13. a3 a5 14. Nd2 Ba6 15. Qc2
Rc8 16. Qb1 Qc7 17. b4 axb4 18. axb4 cxb4 19. Bxb4 Rfd8 20. Ne4 Qd7 21. Bd6 Bb7
22. Qxb6 Ba8 23. h3 h6 24. Ba3 Qa7 25. Qxa7 Nxa7 26. Be7 Rxc1 27. Rxc1 Rc8 28.
Ra1 Bxe4 29. dxe4 Nc6 30. Bc5 Bf8 31. Bb6 Rb8 32. Bc7 Rc8 33. Bb6 Rb8 34. Bc7
Rb7 35. Rc1 Rxc7 36. Bb5 Nd4 37. Rxc7 Nxb5 38. Rc6 Nd6 39. f3 f6 40. Kf2 Kf7 41.
g4 h5 42. gxh5 gxh5 43. Rc7+ Be7 44. Kg3 Ne8 45. Ra7 Ng7 46. Rb7 Ne6 47. Kf2 Nc5
48. Ra7 Ke6 49. Ke2 Nd7 50. Ra6+ Kf7 51. Ra7 Nf8 52. Ra8 Ne6 53. Kf2 h4 54. Kg2
Bf8 55. Ra7+ Kg6 56. Ra8 Bh6 57. Kf2 Ng5 58. Kg2 Ne6 59. Kf2 Bg5 60. Rg8+ Kf7
61. Rc8 Ke7 62. Ke2 Kd6 63. Ra8 Kc5 64. Rc8+ Kd6 65. Ra8 Nc7 66. Ra4 Ne6 67.
Ra6+ Ke7 68. Ra7+ Ke8 69. Ra8+ Kf7 70. Ra7+ Kg6 71. Ra5 Bh6 72. Kf2 Ng5 73. Kg2
Nf7 74. Kf2 Nd6 75. Rc5 Kf7 76. Rc7+ Ke6 77. Rc6 Kd7 78. Rc5 Bf8 79. Ra5 Nc4 80.
Ra7+ Ke6 81. Ra6+ Bd6 82. Rc6 Na5 83. Rc8 Be7 84. Rh8 f5 85. Rh6+ Bf6 86. exf5+
Kxf5 87. Rh7 Nc4 88. Rc7 Nd6 89. Rc5 Nf7 90. f4 Nd6 91. Kf3 Ne4 92. Rd5 Ng3 93.
fxe5 Bxe5 94. e4+ Nxe4 95. Rxe5+ Kxe5 96. Kg4 Nf2+ 97. Kxh4 Nxh3 1/2-1/2

[Event "chess.com Speed 2020"]
[Site "chess.com INT"]
[Date "2020.12.03"]
[Round "2.23"]
[White "Carlsen, Magnus"]
[Black "Artemiev, Vladislav"]
[Result "0-1"]
[WhiteTitle "GM"]
[BlackTitle "GM"]
[WhiteElo "2862"]
[BlackElo "2708"]
[WhiteFideId "1503014"]
[BlackFideId "24101605"]
[EventDate "2020.11.01"]

1. d4 Nf6 2. c4 g6 3. f3 Nc6 4. d5 Ne5 5. e4 d6 6. Nc3 Bg7 7. f4 Ned7 8. Nh3 O-O
9. Be2 c6 10. Nf2 cxd5 11. cxd5 b5 12. Bxb5 Rb8 13. O-O Nc5 14. Be2 Qb6 15. Kh1
Qb4 16. a3 Qb3 17. Rb1 Bd7 18. e5 Ne8 19. Be3 Bf5 20. Qxb3 Nxb3 21. Bd3 dxe5 22.
Bxf5 gxf5 23. fxe5 Bxe5 24. Nd3 Bg7 25. Bxa7 Rb7 26. Be3 Nd6 27. Nc5 Nxc5 28.
Bxc5 Rc8 29. Bb4 Nc4 30. Rbc1 Nxb2 31. d6 Nd3 32. Nd5 Nxc1 33. Nxe7+ Rxe7 34.
dxe7 Nd3 35. Bd6 Be5 36. Bxe5 Nxe5 37. Kg1 Ng6 38. Rxf5 Nxe7 39. Rf1 Ra8 40. Ra1
Ra4 41. Kf2 Nc6 42. Rc1 Ne5 43. Rc3 Kg7 44. h3 Nc4 45. Rg3+ Kf6 46. Rg4 h5 47.
Rh4 Kg5 48. Rd4 Nb6 49. Rxa4 Nxa4 50. Ke3 f6 51. Ke4 Nc3+ 52. Kd3 Na4 53. Ke4
f5+ 54. Kf3 Nc3 55. Ke3 Na4 56. Kf3 Nb6 57. g3 Na4 58. Ke3 Nc5 59. Kf3 Kf6 60.
Kf4 Ne6+ 61. Ke3 Ke5 62. a4 Kd5 63. a5 Kc5 64. Kf3 Kb5 65. g4 fxg4+ 66. hxg4 h4 0-1

[Event "chess.com Speed 2020"]
[Site "chess.com INT"]
[Date "2020.12.03"]
[Round "2.24"]
[White "Artemiev, Vladislav"]
[Black "Carlsen, Magnus"]
[Result "0-1"]
[WhiteTitle "GM"]
[BlackTitle "GM"]
[WhiteElo "2708"]
[BlackElo "2862"]
[WhiteFideId "24101605"]
[BlackFideId "1503014"]
[EventDate "2020.11.01"]

1. d4 Nf6 2. Nf3 d5 3. c4 e6 4. Nc3 h6 5. e3 a6 6. b3 c5 7. Bb2 cxd4 8. Nxd4 Be7
9. Nf3 Qa5 10. a3 dxc4 11. Bxc4 b5 12. Be2 Bb7 13. O-O O-O 14. Nd4 Nbd7 15. Bf3
Qb6 16. a4 b4 17. a5 Qa7 18. Na4 Rac8 19. Qe2 Bxf3 20. Qxf3 Nd5 21. Rac1 Bf6 22.
Nc6 Rxc6 23. Rxc6 Bxb2 24. Qe2 Nb8 25. Rc4 Bf6 26. Qc2 Qb7 27. Nc5 Qb5 28. Ne4
Qxa5 29. Nxf6+ Nxf6 30. Qd2 Nd5 31. Qd4 Nd7 32. Ra1 Qb5 33. e4 Nc3 34. Kh1 a5
35. f3 Ra8 36. h3 Nf6 37. Rxb4 axb4 38. Rxa8+ Kh7 39. Qc4 Qxc4 40. bxc4 Nd7 41.
Ra7 Nc5 42. Ra8 b3 43. Rb8 N3a4 44. Kg1 b2 45. Kf2 Nc3 46. Ke3 b1=Q 0-1

[Event "chess.com Speed 2020"]
[Site "chess.com INT"]
[Date "2020.12.03"]
[Round "2.25"]
[White "Carlsen, Magnus"]
[Black "Artemiev, Vladislav"]
[Result "1-0"]
[WhiteTitle "GM"]
[BlackTitle "GM"]
[WhiteElo "2862"]
[BlackElo "2708"]
[WhiteFideId "1503014"]
[BlackFideId "24101605"]
[EventDate "2020.11.01"]

1. e4 c5 2. Nf3 a6 3. c4 Nc6 4. d4 cxd4 5. Nxd4 e5 6. Nf5 d6 7. Nc3 g6 8. Ne3
Bh6 9. Bd3 Nge7 10. h4 Kf8 11. h5 Kg7 12. Ned5 Bxc1 13. Qxc1 h6 14. hxg6 fxg6
15. Qe3 Nd4 16. O-O-O Nxd5 17. exd5 Bf5 18. f4 Bxd3 19. fxe5 Nf5 20. Qxd3 dxe5
21. Ne4 Rc8 22. Kb1 Nd4 23. Rhf1 b5 24. Qg3 Re8 25. Rf6 g5 26. Qh3 Rh8 27. Rdf1
Rc7 28. d6 Qa8 29. Qg4 Ra7 30. Nxg5 1-0

[Event "chess.com Speed 2020"]
[Site "chess.com INT"]
[Date "2020.12.03"]
[Round "2.26"]
[White "Artemiev, Vladislav"]
[Black "Carlsen, Magnus"]
[Result "0-1"]
[WhiteTitle "GM"]
[BlackTitle "GM"]
[WhiteElo "2708"]
[BlackElo "2862"]
[WhiteFideId "24101605"]
[BlackFideId "1503014"]
[EventDate "2020.11.01"]

1. b3 d5 2. Bb2 c6 3. e3 Nf6 4. Be2 Bf5 5. g4 Be4 6. Bf3 h6 7. Bxe4 Nxe4 8. Ne2
Nd7 9. Ng3 Nxg3 10. hxg3 e5 11. d3 Bd6 12. Nd2 Qe7 13. Qe2 O-O-O 14. O-O-O Ba3
15. e4 d4 16. Nc4 Bxb2+ 17. Kxb2 b5 18. Nd2 a5 19. Rc1 Kb7 20. c3 Nc5 21. Nf3
dxc3+ 22. Rxc3 b4 23. Rc2 Nxd3+ 24. Kb1 Rd7 25. Nd2 Rhd8 26. Nc4 Qc5 27. Rh5 f6
28. Nxe5 Qxe5 29. Rxe5 Nxe5 30. f4 Rd1+ 31. Rc1 Rxc1+ 32. Kxc1 Nd3+ 33. Kc2 Nc5
34. e5 Re8 35. Qc4 Ne6 36. f5 Nc7 37. e6 Nd5 38. Qc5 Rd8 39. Kd2 Nc7+ 40. Ke2
Nd5 41. Qxa5 Ra8 42. Qc5 Rxa2+ 43. Kf3 Ra1 44. Qf8 Kb6 45. Qxg7 Ra3 46. Qxh6
Rxb3+ 47. Kg2 Rb2+ 48. Kh3 Re2 49. Qf8 Kb5 50. g5 fxg5 51. f6 Rxe6 52. f7 Rf6
53. Qb8+ Kc4 54. f8=Q Rxf8 55. Qxf8 b3 56. Qe8 Nb4 57. Qe6+ Kc3 58. Qe5+ Kc4 59.
Kg4 c5 60. Kxg5 Nd3 61. Qa1 b2 62. Qb1 Kc3 63. g4 Kd2 64. Kf5 c4 65. g5 c3 66.
g6 c2 67. Qxc2+ Kxc2 68. g7 b1=Q 69. g8=Q Qb5+ 70. Kg6 Nf4+ 71. Kf6 Nd5+ 72. Ke6
Qc6+ 73. Ke5 Qc3+ 74. Kd6 Qb4+ 75. Kc6 Qb6+ 76. Kd7 Nf6+ 0-1

[Event "chess.com Speed 2020"]
[Site "chess.com INT"]
[Date "2020.12.03"]
[Round "2.27"]
[White "Carlsen, Magnus"]
[Black "Artemiev, Vladislav"]
[Result "1-0"]
[WhiteTitle "GM"]
[BlackTitle "GM"]
[WhiteElo "2862"]
[BlackElo "2708"]
[WhiteFideId "1503014"]
[BlackFideId "24101605"]
[EventDate "2020.11.01"]

1. d4 Nf6 2. Bf4 d5 3. e3 c5 4. Nc3 cxd4 5. exd4 a6 6. Bd3 Nc6 7. Nce2 Bg4 8. c3
e6 9. Qd2 Bh5 10. Ng3 Bg6 11. Nf3 Bd6 12. Bxd6 Qxd6 13. O-O Bxd3 14. Qxd3 h5 15.
Rfe1 O-O-O 16. Nf1 h4 17. N1d2 Qf4 18. b4 g5 19. Ne5 Nxe5 20. dxe5 Nd7 21. Qd4
Kb8 22. g3 Qf5 23. g4 Qf4 24. Qxf4 gxf4 25. c4 Nb6 26. c5 Na4 27. Nf3 h3 28. Kf1
Rhg8 29. g5 Nc3 30. a3 Ne4 31. Ke2 Nxg5 32. Rg1 Ne4 33. Nd4 Kc7 34. Kf3 Kd7 35.
a4 Rc8 36. a5 Ke7 37. Kxf4 Nxf2 38. Raf1 Rxg1 39. Rxg1 Nd3+ 40. Ke3 Nxe5 41. Rg7
Nc6 42. Nxc6+ bxc6 43. Rh7 Rb8 44. Rh4 e5 45. Rh6 f6 46. Rh7+ Ke6 47. Rc7 Rxb4
48. Rxc6+ Kf5 49. Rxa6 Rb3+ 50. Kf2 Rb2+ 51. Kg3 d4 52. Rd6 Rc2 53. c6 d3 54. a6
d2 55. a7 Ra2 56. c7 Ra3+ 57. Kf2 Ra2 58. Ke2 1-0

[Event "chess.com Speed 2020"]
[Site "chess.com INT"]
[Date "2020.12.03"]
[Round "2.31"]
[White "Artemiev, Vladislav"]
[Black "Carlsen, Magnus"]
[Result "1-0"]
[WhiteTitle "GM"]
[BlackTitle "GM"]
[WhiteElo "2708"]
[BlackElo "2862"]
[WhiteFideId "24101605"]
[BlackFideId "1503014"]
[EventDate "2020.11.01"]

1. Nf3 Nf6 2. b3 g6 3. Bb2 Bg7 4. g3 b6 5. Bg2 Bb7 6. O-O O-O 7. c4 e6 8. Nc3
Na6 9. e3 Qe7 10. Qe2 c5 11. d4 d5 12. Ne5 Rfd8 13. Rfd1 cxd4 14. exd4 dxc4 15.
bxc4 Bxg2 16. Kxg2 Qb7+ 17. Qf3 Qxf3+ 18. Kxf3 Rdc8 19. Rac1 Bh6 20. Rc2 Nb4 21.
Re2 Nc6 22. Nxc6 Rxc6 23. d5 Rxc4 24. dxe6 fxe6 25. Rxe6 Bg7 26. Nb5 Rf8 27. Ba3
Ne4+ 28. Bxf8 Ng5+ 29. Kg2 Nxe6 30. Bxg7 Kxg7 31. Rd7+ Kf6 32. Rxa7 h5 33. Ra6
Rc6 34. Na7 Rd6 35. Nc8 Rd2 36. Nxb6 Rc2 37. Nd5+ Ke5 38. Ra5 Ke4 39. Nf6+ Kd3
40. Re5 Nd4 41. Nd5 Rb2 42. Nf4+ Kc4 43. Re4 Kc3 44. Nxg6 Rxa2 45. Nf4 h4 46. g4
Ra5 47. h3 Nc2 48. Re8 Kd2 49. Re2+ Kc3 50. Re7 Kd2 51. Rd7+ Ke1 52. Kf3 Ra3+
53. Rd3 Ra4 54. Ng2+ 1-0

[Event "chess.com Speed 2020"]
[Site "chess.com INT"]
[Date "2020.12.03"]
[Round "2.32"]
[White "Carlsen, Magnus"]
[Black "Artemiev, Vladislav"]
[Result "1/2-1/2"]
[WhiteTitle "GM"]
[BlackTitle "GM"]
[WhiteElo "2862"]
[BlackElo "2708"]
[WhiteFideId "1503014"]
[BlackFideId "24101605"]
[EventDate "2020.11.01"]

1. d4 Nf6 2. c4 g6 3. Nc3 d5 4. cxd5 Nxd5 5. e4 Nxc3 6. bxc3 Bg7 7. Nf3 c5 8.
Be3 Qa5 9. Qd2 O-O 10. Rc1 cxd4 11. cxd4 Qxd2+ 12. Nxd2 Rd8 13. Be2 Nc6 14. d5
Nb4 15. a3 Na2 16. Rc7 Nc3 17. Rxe7 Bd7 18. Bg5 h6 19. Bh4 g5 20. Bg3 Bf6 21.
Rxd7 Rxd7 22. Bg4 Re7 23. d6 Ree8 24. d7 Re7 25. Bd6 Rxe4+ 26. Nxe4 Nxe4 27. Bg3
a5 28. Ke2 Nxg3+ 29. hxg3 b5 30. Rc1 Rd8 31. Rc5 b4 32. Rxa5 bxa3 33. Rxa3 Kf8
34. Re3 Rb8 35. f4 Be7 36. Kf3 Rb4 37. Bf5 Rd4 38. Kg4 gxf4 39. gxf4 Rd5 40. Re5
Rxe5 41. fxe5 Bd8 42. Kh5 Kg7 43. g4 Be7 44. Bd3 Bd8 45. Bc4 Bg5 46. Bb3 Kf8 47.
Bd5 Kg7 48. Bxf7 Kxf7 49. d8=Q Bxd8 50. Kxh6 Ke6 51. g5 Bxg5+ 52. Kxg5 Kxe5 1/2-1/2

[Event "chess.com Speed 2020"]
[Site "chess.com INT"]
[Date "2020.12.03"]
[Round "2.33"]
[White "Artemiev, Vladislav"]
[Black "Carlsen, Magnus"]
[Result "1/2-1/2"]
[WhiteTitle "GM"]
[BlackTitle "GM"]
[WhiteElo "2708"]
[BlackElo "2862"]
[WhiteFideId "24101605"]
[BlackFideId "1503014"]
[EventDate "2020.11.01"]

1. d4 d5 2. Bg5 h6 3. Bh4 Bf5 4. e3 c6 5. Bd3 Qa5+ 6. Nc3 Bxd3 7. cxd3 Nd7 8.
Nf3 e6 9. O-O Be7 10. Bxe7 Nxe7 11. Qc2 O-O 12. b4 Qc7 13. Rfc1 Rfc8 14. Qb3 Qd8
15. Ne2 Nf5 16. b5 cxb5 17. Qxb5 Nd6 18. Qb4 Qb6 19. Qa3 a5 20. Rab1 Qa6 21. Ne5
Nf8 22. h4 b5 23. Rc5 b4 24. Qa4 f6 25. Nc6 Qxd3 26. Rbc1 Kh8 27. Nf4 Qa6 28.
Ne7 Rxc5 29. dxc5 Ne4 30. c6 Nc3 31. Qc2 Qc4 32. Kh2 e5 33. Nfxd5 Qxh4+ 34. Kg1
Qc4 35. Nxc3 bxc3 36. Qxc3 Qe6 37. c7 Qxe7 38. c8=Q Rxc8 39. Qxc8 Kh7 40. Qc5
Qf7 41. Qxa5 Ng6 42. Qa4 f5 43. Qc4 Qf6 44. Qc6 Qg5 45. a4 e4 46. Qd6 f4 47. Qd4
f3 48. g3 Qg4 49. Kf1 Qh3+ 50. Ke1 Qh1+ 51. Kd2 Qg2 52. Qxe4 Qxf2+ 53. Kd3 Qe2+
54. Kc3 f2 55. Qd3 Qg4 56. Rf1 Qxg3 57. a5 Qc7+ 58. Kb4 Qb7+ 59. Ka3 Qe7+ 60.
Ka4 Qe8+ 61. Kb4 Qb8+ 62. Kc3 Qe5+ 63. Kb3 Qxa5 64. Rxf2 Qb6+ 65. Kc2 Kg8 66.
Kd1 Qe6 67. Ke2 Ne5 68. Qd4 Qa6+ 69. Kd1 Ng6 70. Qd5+ Kh7 71. Qe4 Qa1+ 72. Ke2
Qb2+ 73. Kf1 Qb6 74. Rg2 Qf6+ 75. Kg1 Qf7 76. Rf2 Qd7 77. Rg2 Qd1+ 78. Kh2 Qh5+
79. Kg1 Qd1+ 80. Kh2 Qh5+ 81. Kg1 Qd1+ 1/2-1/2

[Event "chess.com Speed 2020"]
[Site "chess.com INT"]
[Date "2020.12.03"]
[Round "2.34"]
[White "Carlsen, Magnus"]
[Black "Artemiev, Vladislav"]
[Result "1-0"]
[WhiteTitle "GM"]
[BlackTitle "GM"]
[WhiteElo "2862"]
[BlackElo "2708"]
[WhiteFideId "1503014"]
[BlackFideId "24101605"]
[EventDate "2020.11.01"]

1. e4 c6 2. d4 d5 3. exd5 cxd5 4. Bd3 Nc6 5. c3 Qc7 6. h3 Nf6 7. Nf3 e6 8. O-O
Bd6 9. Na3 a6 10. Nc2 Bd7 11. Qe2 h6 12. Re1 g5 13. Ne5 Rg8 14. Bd2 h5 15. a4 h4
16. b4 g4 17. b5 Ne7 18. hxg4 a5 19. g5 Ne4 20. Bxe4 dxe4 21. Qxe4 Bxe5 22. dxe5
Rc8 23. Nd4 Ng6 24. c4 Qxc4 25. Rec1 Qd5 26. Rxc8+ Bxc8 27. Qxd5 exd5 28. Rc1
Bd7 29. Rc7 Nxe5 30. Rxb7 Ke7 31. Bxa5 Nc4 32. Bb4+ Kd8 33. Rb8+ Bc8 34. b6 1-0

[Event "chess.com Speed 2020"]
[Site "chess.com INT"]
[Date "2020.12.03"]
[Round "2.35"]
[White "Artemiev, Vladislav"]
[Black "Carlsen, Magnus"]
[Result "1-0"]
[WhiteTitle "GM"]
[BlackTitle "GM"]
[WhiteElo "2708"]
[BlackElo "2862"]
[WhiteFideId "24101605"]
[BlackFideId "1503014"]
[EventDate "2020.11.01"]

1. b3 e5 2. Bb2 Nc6 3. e3 Nf6 4. Bb5 e4 5. Ne2 a6 6. Bxc6 dxc6 7. O-O Bd6 8. Ng3
h5 9. Bxf6 Qxf6 10. Nc3 Qg6 11. Ngxe4 Be7 12. Kh1 Bf5 13. d3 O-O-O 14. Ng3 Bd7
15. Nge2 Kb8 16. Nf4 Qh6 17. d4 h4 18. Nd3 Bc8 19. Qf3 f6 20. a4 g5 21. b4 Bd6
22. b5 g4 23. Qe2 g3 24. h3 Qg5 25. bxa6 gxf2 26. axb7 Bxb7 27. Ne4 Qg6 28. Ndc5
f5 29. Rab1 Rdg8 30. Rxb7+ Kc8 31. Nxd6+ cxd6 32. Qxf2 dxc5 33. Rfb1 Kd8 34. Ra7
Qg3 35. Qxg3 1-0

[Event "chess.com Speed 2020"]
[Site "chess.com INT"]
[Date "2020.12.03"]
[Round "2.36"]
[White "Carlsen, Magnus"]
[Black "Artemiev, Vladislav"]
[Result "0-1"]
[WhiteTitle "GM"]
[BlackTitle "GM"]
[WhiteElo "2862"]
[BlackElo "2708"]
[WhiteFideId "1503014"]
[BlackFideId "24101605"]
[EventDate "2020.11.01"]

1. e4 c5 2. Nf3 d6 3. d4 cxd4 4. Nxd4 Nf6 5. Nc3 a6 6. Be3 Ng4 7. Bg5 h6 8. Bh4
g5 9. Bg3 Bg7 10. h3 Nf6 11. Bc4 Qb6 12. Bb3 Nc6 13. Nxc6 Qxc6 14. Qf3 Be6 15.
O-O-O O-O 16. Nd5 Bxd5 17. exd5 Qc7 18. h4 g4 19. Qf5 a5 20. Rd4 b5 21. a3 Rab8
22. Rhd1 a4 23. Ba2 b4 24. Rxb4 Rxb4 25. axb4 a3 26. bxa3 Qc3 27. Qd3 Qa1+ 28.
Bb1 Rc8 29. Kd2 Rc3 30. Qf5 Qxa3 31. Ke2 Qxb4 32. Kf1 Ne4 33. Bf4 Qc5 34. Bc1
Qb5+ 35. Kg1 Qxb1 36. Qxe4 Qxc2 37. Qxc2 Rxc2 38. Be3 h5 39. g3 Bf6 40. Kg2 Kg7
41. Rb1 Kg6 42. Rb8 Rc3 43. Rg8+ Kh7 44. Ra8 Rd3 45. Ra5 Kg6 46. Rb5 Be5 47. Rb7
Bf6 48. Rb5 Kf5 49. Ra5 Ke4 50. Ra4+ Kf5 51. Ra5 Bd4 52. Bxd4 Rxd4 53. Ra7 Kf6
54. Ra5 Re4 55. Ra8 Re5 56. Ra5 e6 57. Ra8 Rxd5 58. Kf1 Rb5 59. Ke2 Rb2+ 60. Ke3
Rb3+ 61. Ke2 Kg7 62. Rd8 d5 63. Rd7 Kg6 64. Rd8 f6 65. Rg8+ Kh7 66. Re8 e5 67.
Rd8 d4 68. Rd7+ Kg6 69. Rd8 Kf5 70. Rh8 Ke4 71. Rxh5 d3+ 72. Ke1 Rb1+ 73. Kd2
Rf1 74. Rh8 Rxf2+ 75. Kc3 Rc2+ 76. Kb3 Rg2 77. Kc3 Rxg3 78. Rf8 f5 79. h5 Rh3
80. Ra8 Rxh5 81. Kd2 Rh2+ 82. Kc3 Rc2+ 83. Kb3 Rc7 84. Rd8 Ke3 85. Rd5 e4 86.
Rxf5 d2 87. Rd5 Ke2 88. Rd4 d1=Q+ 89. Rxd1 Kxd1 90. Kb4 g3 91. Kb5 g2 92. Kb6
Rc2 93. Kb7 g1=Q 94. Kb8 Qg7 0-1

[Event "chess.com Speed 2020"]
[Site "chess.com INT"]
[Date "2020.12.03"]
[Round "2.37"]
[White "Artemiev, Vladislav"]
[Black "Carlsen, Magnus"]
[Result "0-1"]
[WhiteTitle "GM"]
[BlackTitle "GM"]
[WhiteElo "2708"]
[BlackElo "2862"]
[WhiteFideId "24101605"]
[BlackFideId "1503014"]
[EventDate "2020.11.01"]

1. Nf3 g6 2. e4 Bg7 3. d4 d6 4. Nc3 a6 5. h3 b5 6. a4 b4 7. Ne2 Nd7 8. Ng3 e5 9.
Bc4 exd4 10. Nxd4 Bb7 11. O-O Ngf6 12. Re1 O-O 13. Bg5 h6 14. Bf4 Re8 15. Ndf5
gxf5 16. Nxf5 Bxe4 17. Nxh6+ Bxh6 18. Bxh6 Ne5 19. Ba2 Bg6 20. f4 Ned7 21. Qf3
Kh8 22. Rxe8+ Qxe8 23. f5 Bh7 24. Bxf7 Ne5 0-1